[Event "Autonomico-chT"]
[Site "Aragon"]
[Date "2005.03.05"]
[Round "6.35"]
[White "Salvador, Tomas"]
[Black "Munoz Munoz, Juan Carlos"]
[Result "1-0"]
[WhiteElo "1970"]
[BlackElo "2169"]
[PlyCount "97"]
[EventDate "2005.01.22"]
[EventType "team"]
[EventRounds "12"]
[EventCountry "ESP"]
[SourceTitle "EXT 2006"]
[Source "ChessBase"]
[SourceDate "2005.11.24"]
[SourceVersion "1"]
[SourceVersionDate "2005.11.24"]
[SourceQuality "1"]

1. d4 g6 2. c4 Bg7 3. Nf3 d6 4. e4 Nd7 5. Nc3 Ngf6 6. Be2 0-0 7. 0-0 e5 8. d5 Nc5 9. Qc2 a5 10. Bg5 h6 11. Bh4 g5 12. Bg3 Nh5 13. Nd2 Nf4 14. a3 a4 15. b4 axb3 16. Nxb3 Nxb3 17. Qxb3 b6 18. Ra2 f5 19. f3 Nxe2+ 20. Rxe2 f4 21. Be1 h5 22. Nb5 g4 23. Ra2 Rf7 24. a4 Qg5 25. Kh1 g3 26. h3 Bf6 27. Bb4 Rg7 28. Rc1 Qh4 29. Rcc2 Kh7 30. Kg1 Kh6 31. a5 bxa5 32. Rxa5 Rxa5 33. Bxa5 Bxh3 34. gxh3 g2 35. Rxg2 Rxg2+ 36. Kxg2 Qg3+ 37. Kf1 Bh4 38. Ke2 Qg2+ 39. Kd1 Bf2 40. Bxc7 Be3 41. Qc3 Qxf3+ 42. Kc2 Qe2+ 43. Kb3 f3 44. Nxd6 Bd4 45. Nf5+ Kg6 46. Nh4+ Kh7 47. Qxf3 Qb2+ 48. Ka4 Qa2+ 49. Kb5 1-0

[Event "Autonomico-chT"]
[Site "Aragon"]
[Date "2005.02.05"]
[Round "2.51"]
[White "Ocabo Vera, Pedro Aristides"]
[Black "Salvador, Tomas"]
[Result "1-0"]
[WhiteElo "1913"]
[BlackElo "1970"]
[PlyCount "79"]
[EventDate "2005.01.22"]
[EventType "team"]
[EventRounds "12"]
[EventCountry "ESP"]
[SourceTitle "EXT 2006"]
[Source "ChessBase"]
[SourceDate "2005.11.24"]
[SourceVersion "1"]
[SourceVersionDate "2005.11.24"]
[SourceQuality "1"]

1. d4 Nf6 2. c3 d5 3. Bf4 e6 4. Nf3 c5 5. e3 Nc6 6. Bd3 Bd6 7. Bg3 Bxg3 8. hxg3 c4 9. Bc2 Qd6 10. Nbd2 e5 11. dxe5 Nxe5 12. Nxe5 Qxe5 13. Ba4+ Bd7 14. Bxd7+ Nxd7 15. Rh5 f5 16. Nf3 Qe4 17. Rh4 Qe6 18. Nd4 Qf7 19. Nb5 0-0 20. Qd4 Nf6 21. f3 a6 22. Na3 g5 23. Rh3 Rae8 24. 0-0-0 g4 25. Rh6 Nh5 26. Qxd5 Nxg3 27. Nxc4 b5 28. Qxf7+ Kxf7 29. Rd7+ Kg8 30. Rhxh7 Rf6 31. Rdg7+ Kf8 32. Rb7 Kg8 33. Na5 Rxe3 34. Rbg7+ Kf8 35. Nb7 Re2 36. Nc5 Rd6 37. Nd7+ Rxd7 38. Rxd7 Kg8 39. fxg4 fxg4 40. Rhe7 1-0